01008nam0a2200241 4500001001900000005001700019021001900036035002600055100004100081101000800122102000700130105001800137200022900155210004000384215001500424606009100439606008500530686001200615686001400627712007500641801002800716801002200744RU\NLR\bibl\55713420260407080045.0 aRUb2004-52742 a(NLR Aleph) 000549272 a20040930d2004 |||y0rusy50 ca0 arus aRU ay |||||||||1 aПчеловодство. Предложения для практикиe[Сб. нормат. материалов]fРос. акад. с.-х. наук, Гос. науч. учреждение НИИ пчеловодства aРыбноеcГНУ НИИПd2004 a48 с.d200 aПчелыjСтандартыxКорма и кормление3RU\NLR\auth\665799170 aПасекиjСтандартыxОборудование3RU\NLR\auth\66819676 aП691-4 aП691-683024570aНИИ пчеловодстваcРыбное3RU\NLR\AUTH\884602 0aRUbNLRc20040930gPSBO 1aRUbNLRc20040930